|
|
|
|
| LEADER |
00000cam a22000004a 4500 |
| 001 |
musev2_73887 |
| 003 |
MdBmJHUP |
| 005 |
20230905051640.0 |
| 006 |
m o d |
| 007 |
cr||||||||nn|n |
| 008 |
200329t20132013mnu o 00 0 eng d |
| 020 |
|
|
|a 9781942304432
|
| 020 |
|
|
|z 1942304439
|
| 020 |
|
|
|z 9781932688870
|
| 020 |
|
|
|z 1932688870
|
| 035 |
|
|
|a (OCoLC)1146570296
|
| 040 |
|
|
|a MdBmJHUP
|c MdBmJHUP
|
| 100 |
1 |
|
|a Setterlund, John S.,
|e author.
|
| 245 |
1 |
0 |
|a Bach Through the Year :
|b The Church Music of Johann Sebastian Bach and Revised Common Lectionary /
|c John S. Setterlund.
|
| 264 |
|
1 |
|a Minneapolis, MN :
|b Lutheran University Press,
|c [2013]
|
| 264 |
|
3 |
|a Baltimore, Md. :
|b Project MUSE,
|c 2021
|
| 264 |
|
4 |
|c ©[2013]
|
| 300 |
|
|
|a 1 online resource (175 pages).
|
| 336 |
|
|
|a text
|b txt
|2 rdacontent
|
| 337 |
|
|
|a computer
|b c
|2 rdamedia
|
| 338 |
|
|
|a online resource
|b cr
|2 rdacarrier
|
| 588 |
|
|
|a Description based on print version record.
|
| 600 |
1 |
0 |
|a Bach, Johann Sebastian,
|d 1685-1750.
|t Passions.
|
| 600 |
1 |
0 |
|a Bach, Johann Sebastian,
|d 1685-1750.
|t Motets.
|
| 600 |
1 |
0 |
|a Bach, Johann Sebastian,
|d 1685-1750.
|t Oratorios.
|
| 600 |
1 |
0 |
|a Bach, Johann Sebastian,
|d 1685-1750.
|t Cantatas.
|
| 610 |
2 |
7 |
|a Evangelical Lutheran Church in America.
|2 fast
|0 (OCoLC)fst00633677
|
| 610 |
2 |
0 |
|a Evangelical Lutheran Church in America.
|
| 630 |
0 |
7 |
|a Passions (Bach, Johann Sebastian)
|2 fast
|0 (OCoLC)fst01356730
|
| 630 |
0 |
7 |
|a Oratorios (Bach, Johann Sebastian)
|2 fast
|0 (OCoLC)fst01388650
|
| 630 |
0 |
7 |
|a Motets (Bach, Johann Sebastian)
|2 fast
|0 (OCoLC)fst01360787
|
| 630 |
0 |
7 |
|a Common lectionary (1992)
|2 fast
|0 (OCoLC)fst01375773
|
| 630 |
0 |
7 |
|a Cantatas (Bach, Johann Sebastian)
|2 fast
|0 (OCoLC)fst01356495
|
| 630 |
0 |
0 |
|a Common lectionary (1992)
|
| 650 |
|
7 |
|a Lutheran Church
|x Liturgy.
|2 fast
|0 (OCoLC)fst01004036
|
| 650 |
|
7 |
|a Church music
|x Lutheran Church.
|2 fast
|0 (OCoLC)fst00860830
|
| 650 |
|
0 |
|a Church music
|x Lutheran Church.
|
| 650 |
|
0 |
|a Lutheran Church
|x Liturgy.
|
| 655 |
|
7 |
|a Electronic books.
|2 local
|
| 710 |
2 |
|
|a Project Muse.
|e distributor
|
| 830 |
|
0 |
|a Book collections on Project MUSE.
|
| 856 |
4 |
0 |
|z Texto completo
|u https://projectmuse.uam.elogim.com/book/73887/
|
| 945 |
|
|
|a Project MUSE - Custom Collection
|
| 945 |
|
|
|a Project MUSE - Archive Complete Supplement IX
|
| 945 |
|
|
|a Project MUSE - Archive Philosophy and Religion Supplement IX
|